UBT Library

The sex-role cycle : (Record no. 42963)

000 -LEADER
fixed length control field 00634cam a2200229 i 4500
001 - CONTROL NUMBER
control field 2298629
005 - DATE AND TIME OF LATEST TRANSACTION
control field 20180220094046.0
008 - FIXED-LENGTH DATA ELEMENTS--GENERAL INFORMATION
fixed length control field 800528s1981 nyua b 001 0 eng
010 ## - LIBRARY OF CONGRESS CONTROL NUMBER
LC control number 80017211
020 ## - INTERNATIONAL STANDARD BOOK NUMBER
International Standard Book Number 091267069X
020 ## - INTERNATIONAL STANDARD BOOK NUMBER
International Standard Book Number 007020425X (McGrawHill)
040 ## - CATALOGING SOURCE
Original cataloging agency DLC
Transcribing agency DLC
Modifying agency DLC
041 ## - LANGUAGE CODE
Language code of text/sound track or separate title eng
080 ## - UNIVERSAL DECIMAL CLASSIFICATION NUMBER
Universal Decimal Classification number 305.3 ROM
082 00 - DEWEY DECIMAL CLASSIFICATION NUMBER
Classification number 305.3 ROM
100 1# - Rafti
Rafti 49
101 ## - Shkurtesa
Shkurtesa SOC
245 14 - TITLE STATEMENT
Title The sex-role cycle :
Statement of responsibility, etc Nancy Romer.
504 ## - BIBLIOGRAPHY, ETC. NOTE
Bibliography, etc Includes bibliographical references and index.
906 ## - LOCAL DATA ELEMENT F, LDF (RLIN)
a 7
b cbc
c orignew
d 1
e ocip
f 19
g y-gencatlg
942 ## - ADDED ENTRY ELEMENTS (KOHA)
Source of classification or shelving scheme
Item type Books
Holdings
Withdrawn status Lost status Source of classification or shelving scheme Damaged status Not for loan Collection code Permanent location Current location Shelving location Date acquired Total Checkouts Full call number Barcode Date last seen Price effective from Koha item type
          Koleksioni i përgjithshem UBT - Lipjan UBT - Lipjan Koleksioni i përgjithshem 02/20/2018   305.3 ROM 002-2998276 02/20/2018 02/20/2018 Books
UBT Library © 2015-2024. All rights reserved University Education for Business and Technology